000 00437nam a2200181Ia 4500
005 20240823032112.0
008 240823s9999||||xx |||||||||||||| ||und||
041 _aENGLISH
082 _A398.9 Q1
100 _aIlamathi K S
245 0 _aUlaga Arigargal Sonna Suya Munnetra Pon Mozhigal
250 _a1st
260 _c2011
_b"Narmata,Chennai"
500 _aYES
650 _aTamil Book
_bGeneral
942 _cBK
999 _c192646
_d192646